| 000 | 02653nam0a2200397 4500 | ||
|---|---|---|---|
| 001 | RU\NLR\BIBL_A\022756603 | ||
| 005 | 20260615151733.0 | ||
| 010 |
_a978-5-406-14297-4 _9750 |
||
| 021 |
_aRU _bКН-П-26-004486 _9КН-П-26-0427 |
||
| 035 | _a(NLR Aleph) 022756603 | ||
| 090 |
_a13731760 _c13731760 |
||
| 100 | _a20260317d2025 u y0rusy50 ca | ||
| 101 | 0 | _arus | |
| 102 | _aRU | ||
| 105 | _aa j 000yy | ||
| 181 | 0 |
_ai _baxxe |
|
| 182 | 0 | _an | |
| 200 | 1 |
_aПсихологическая поддержка участников вооруженных конфликтов _e[вооруженный конфликт как экстремальная деятельность, основы психологической поддержки и сопровождения участников вооруженных конфликтов] _eучебное пособие _eдля направлений подготовки бакалавриата и магистратуры "Конфликтология", "Психология" _f[Березина Т. Н., доктор психологических наук, профессор, Деулин Д. В., кандидат психологических наук, доцент, Дьячук К. И. и др.] _gпод общей редакцией М. И. Марьина и В. Е. Петрова |
|
| 203 |
_aТекст _bвизуальный _cнепосредственный |
||
| 210 |
_aМосква _cКНОРУС _d2025 |
||
| 215 |
_a307, [1] с. _cил., табл. _d22 |
||
| 225 | 1 | _aБакалавриат, магистратура | |
| 300 | _aАвт. указаны на с. 5–6 | ||
| 320 | _aБиблиогр. в конце гл. | ||
| 606 | 1 |
_aВооруженные конфликты _jУчебные издания для высших учебных заведений _xСоциально-психологические исследования _92611398 _3RU\NLR\AUTH\661547956 |
|
| 606 | 1 |
_aВоеннослужащие-участники боевых действий _jУчебные издания для высших учебных заведений _xПсихологическая служба _92426027 _3RU\NLR\AUTH\6601662821 |
|
| 686 | 1 | _aС550.518я73 | |
| 686 | 1 | _aЮ942-69я73 | |
| 701 | 1 |
_aБерезина _bТ. Н. _gТатьяна Николаевна |
|
| 701 | 1 |
_aДеулин _bД. В. _gДмитрий Владимирович |
|
| 701 | 1 |
_aДьячук _bК. И. |
|
| 702 | 1 |
_aМарьин _bМ. И. _f1950- _gМихаил Иванович _4340 |
|
| 942 | _cBOOK | ||
| 980 | _aNB | ||